000 00455 a2200157 4500
005 20250630101641.0
020 _a0-07-283087-5
082 _a658.83 HAI
100 _aHAIR, JR. J. F.
245 _aMarketing Research: Within a Changing Information Environment
250 _a3rd Ed.
260 _aBoston,
_bMcGraw-Hill,
_c2006.
300 _axxvii, 700p.: ill.; figure, table
_bIndex,
_c26cm.
700 _aBUSH, R. P. & ORTINAU, D. J
942 _2ddc
_cBKS
999 _c341
_d341